Melbourne/Victoria Random Quiz - Statistics

General Stats
  • This quiz has been taken 50 times
  • The average score is 22 of 36
Answer Stats
Question Answer % Correct
What is the third largest city in Victoria? Ballarat
97%
What is the second largest city in Victoria? Geelong
97%
What is the name of Melbourne's airport? Tullamarine
94%
What river runs through Melbourne? Yarra River
91%
What is the postcode of Melbourne? 3000
88%
What is the last station before Flinders Street if you are takinga train on the Lilydale line going towards the city? Richmond
88%
Where does the Calder Freeway go? Bendigo
85%
What did Woolworths used to be called? Safeway
85%
Name the suburb Monash University is located in Clayton
82%
What is the name of the freeway that goes through the city? Citylink, West Gate Freeway
79%
Where is Marvel Stadium located? Docklands
79%
What suburb is Glenferrie Station located in? Hawthorn
76%
Name the freeway which heads south-east out of thecity along Gardiners Creek towards Dandenong Monash Freeway
71%
What is the name of the street which runs north souththrough the center of the city? Swanston Street/Elizabeth Street
71%
Where does the Hume Freeway/Highway go? Sydney
71%
What is the westernmost town/suburb on the Mornington Peninsula? Portsea
68%
What suburb is Camberwell Station located in? Camberwell
65%
Where is Northland Shopping Centre located? Preston
65%
What is the name of Highway 1 in Victoria Princes Highway/Freeway
65%
What suburb is Collingwood Station located in? Abbotsford
62%
Which suburb is south of Deepdene? Canterbury
59%
What suburb is the Avalon Airport located in? Avalon
56%
What town is located across the border north of Echuca? Moama
56%
What station did Surrey Hills become? Union
56%
What suburb is North Melbourne station located in? West Melbourne
50%
What is the name of the bridge that goes over the Yarra River in Docklands? Bolte Bridge
47%
Name the suburbs that Ikeas are located (there are 2) format: (place, place) Richmond/ Victoria Gardens, Springvale
47%
What road does Barkers Rd end at? (Eastern end) Burke Road
44%
What is the station after Box Hill heading east? Laburnum
44%
What suburb/suburbs are west of Moorabbin Airport? Cheltenham, Mentone
38%
Name the farthest town you can reach by train in Victoria Swan Hill
38%
What suburb is Altona Gate Shopping Centre located in? Altona North
35%
What suburb is Melton train station located in? Melton South
29%
Name both ends of the Ring Road (Format: place, place) Altona, Greensborough
21%
Final Question: What was the most dangerous railway crossingin Melbourne? (Removed in January 2010) Springvale Rd, Nunawading
18%
What main east west road is located in between CanterburyRoad and Riversdale Rd in Camberwell? Prospect Hill Road
12%
No matching quizzes found
Score Distribution
Percent of People with Each Score
Percentile by Number Answered
Your Score History
You have not taken this quiz